00300nam a2200121Ia 4500008004100000100002100041245004700062260002700109300000800136650001000144942000700154999001700161190216s9999||||xx |||||||||||||| ||und|| aVed Prakash Soni 0aHindi-Bharath Ke Samskrithik Kenra Mayoora bGourav Prakashanc2010 a192 aHindi cBK c16892d16892